000 00469nam a2200169 a 4500
001 000036454
005 20200930075735.0
008 120118s2005 it 000 0 spa d
020 _a8889508019
040 _aDO-SdBNP
_bspa
_cBNPHU
100 1 _aManera, Danilo
_923179
245 1 0 _aOnde, farfalla e aroma di caffé /
_cDanilo Manera.
260 _aRoma :
_bEstemporanee,
_c2005.
300 _a114 p. ;
_c16 cm.
490 1 _aAzulejos
_v2
830 0 _aAzulejos
_n2
_962674
999 _c35945
_d35945